Normal view
MARC view
- Waqar, Kinza
Entry Personal Name
001 - CONTROL NUMBER
- control field: 16286
003 - CONTROL NUMBER IDENTIFIER
- control field: NUST
005 - DATE AND TIME OF LATEST TRANSACTION
- control field: 20190702055521.0
008 - FIXED-LENGTH DATA ELEMENTS
- fixed length control field: 190702|| aca||aabn | a|a d
040 ## - CATALOGING SOURCE
- Original cataloging agency: NUST
- Transcribing agency: NUST
100 ## - HEADING--PERSONAL NAME
- Personal name: Waqar, Kinza
670 ## - SOURCE DATA FOUND
- Source citation: Work cat.: (NUST): Waqar, Kinza, Effect of chiropractic care on hand eye coordination in reaching movements /, 2016.
